[Event "ISL-chT"]
[Site "Iceland"]
[Date "1995.??.??"]
[Round "?"]
[White "Thorsteins, Karl"]
[Black "Karlsson, Agust Sindri"]
[Result "1/2-1/2"]
[WhiteElo "2500"]
[BlackElo "2315"]
[PlyCount "102"]
[EventDate "1995.??.??"]
[EventType "team"]
[EventRounds "7"]
[EventCountry "ISL"]
[SourceTitle "EXT 2000"]
[Source "ChessBase"]
[SourceDate "1999.11.16"]
[SourceVersion "1"]
[SourceVersionDate "1999.11.16"]
[SourceQuality "1"]

1. d4 g6 2. e4 d6 3. Nf3 Bg7 4. Be2 Nf6 5. Nc3 0-0 6. 0-0 Bg4 7. h3 Bxf3 8. Bxf3 e5 9. dxe5 dxe5 10. Qxd8 Rxd8 11. Nb5 Ne8 12. Bg5 f6 13. Be3 Nc6 14. Rfd1 a6 15. Rxd8 Rxd8 16. Na3 Bf8 17. Nc4 Ng7 18. c3 Ne6 19. a4 a5 20. Rd1 Rxd1+ 21. Bxd1 Nc5 22. Bc2 Kf7 23. Kf1 Ke6 24. Ke2 h5 25. h4 Be7 26. g3 g5 27. Kf1 Kf7 28. Kg2 b6 29. Nd2 gxh4 30. gxh4 Nd8 31. Nf1 Nde6 32. Ng3 Kg6 33. Nf5 Bf8 34. Kf3 Nb7 35. Bb3 Nec5 36. Bd5 Nd8 37. b3 c6 38. Bc4 Ndb7 39. Ke2 Nxe4 40. Bd3 Nxc3+ 41. Kf3 e4+ 42. Bxe4 Nxe4 43. Kxe4 Nc5+ 44. Bxc5 Bxc5 45. f4 b5 46. Nd4 bxa4 47. bxa4 Bb4 48. Nxc6 Be1 49. f5+ Kh6 50. Kf4 Kg7 51. Kf3 Kh6 1/2-1/2

[Event "EU-Cup 10th final"]
[Site "Lyon"]
[Date "1994.11.20"]
[Round "3"]
[White "Ruzele, Darius"]
[Black "Thorsteins, Karl"]
[Result "1-0"]
[WhiteElo "2495"]
[BlackElo "2510"]
[PlyCount "81"]
[EventDate "1994.11.18"]
[EventType "team-k.o."]
[EventRounds "3"]
[EventCountry "FRA"]
[SourceTitle "EXT 2020"]
[Source "ChessBase"]
[SourceDate "2019.10.17"]
[SourceVersion "1"]
[SourceVersionDate "2019.10.17"]
[SourceQuality "1"]
[WhiteTeam "Vilnius Kaise"]
[BlackTeam "Reykjavik Taflfelag"]
[WhiteTeamCountry "LTU"]
[BlackTeamCountry "ISL"]

1. d4 d5 2. c4 c6 3. Nc3 Nf6 4. Nf3 dxc4 5. a4 Bf5 6. Ne5 Nbd7 7. Nxc4 Nb6 8. Ne5 e6 9. f3 a5 10. e4 Bg6 11. Be3 Bb4 12. Be2 0-0 13. 0-0 Nfd7 14. Nxg6 hxg6 15. Kh1 Qe7 16. Bg1 Rfd8 17. Qb3 c5 18. Na2 cxd4 19. Nxb4 Qxb4 20. Qxb4 axb4 21. a5 d3 22. Bxd3 Ne5 23. Bb5 Nbc4 24. f4 Nd6 25. Be2 Nc6 26. Bb6 Re8 27. e5 Nc8 28. Bf3 Nxb6 29. axb6 Ne7 30. Bxb7 Rab8 31. Ra7 Nc8 32. Bxc8 Rexc8 33. Rc7 Rxc7 34. bxc7 Rc8 35. Rc1 Kf8 36. Kg1 Ke7 37. Kf2 Kd7 38. Ke3 Rxc7 39. Rxc7+ Kxc7 40. Kd4 Kb6 41. Kc4 1-0

[Event "EU-Cup 10th Group1"]
[Site "Eupen"]
[Date "1994.??.??"]
[Round "2"]
[White "Ahn, Martin"]
[Black "Thorsteins, Karl"]
[Result "0-1"]
[WhiteElo "2260"]
[BlackElo "2510"]
[PlyCount "48"]
[EventDate "1994.??.??"]
[EventType "team-k.o."]
[EventRounds "3"]
[EventCountry "BEL"]
[SourceTitle "EXT 2020"]
[Source "ChessBase"]
[SourceDate "2019.10.17"]
[SourceVersion "1"]
[SourceVersionDate "2019.10.17"]
[SourceQuality "1"]
[WhiteTeam "Eupen Rochade"]
[BlackTeam "Reykjavik Taflfelag"]
[WhiteTeamCountry "BEL"]
[BlackTeamCountry "ISL"]

1. e4 d6 2. d4 Nf6 3. Nc3 g6 4. Be3 c6 5. f3 Bg7 6. Qd2 Qa5 7. h4 b5 8. Nh3 Nbd7 9. Bh6 Bxh6 10. Qxh6 b4 11. Nb1 b3+ 12. Nd2 bxc2 13. Bc4 Rb8 14. 0-0 Rxb2 15. Nb3 Qc3 16. Bxf7+ Kxf7 17. Ng5+ Ke8 18. Qg7 Rf8 19. Ne6 Ba6 20. Nc7+ Kd8 21. Nxa6 Qe3+ 22. Kh2 Qf4+ 23. Kg1 c1Q 24. Raxc1 Qg3 0-1